[Event "Berlin Lichtenberger Sommer 3th"]
[Site "Berlin"]
[Date "2004.08.17"]
[Round "4.46"]
[White "Gruenwald, Alexander"]
[Black "Lang, Andreas"]
[Result "0-1"]
[WhiteElo "1754"]
[BlackElo "1971"]
[PlyCount "114"]
[EventDate "2004.08.14"]
[EventType "swiss"]
[EventRounds "9"]
[EventCountry "GER"]
[SourceTitle "EXT 2022"]
[Source "ChessBase"]
[SourceDate "2021.10.06"]
[SourceVersion "1"]
[SourceVersionDate "2021.10.06"]
[SourceQuality "1"]

1. d4 Nf6 2. Nf3 g6 3. c4 Bg7 4. Nc3 0-0 5. e4 d6 6. h3 e5 7. dxe5 dxe5 8. Bg5 Qe8 9. Nd5 Nxd5 10. cxd5 Kh8 11. Bc4 h6 12. Be3 f5 13. exf5 gxf5 14. Qd2 f4 15. Bc5 Rf6 16. 0-0-0 Bf5 17. Rhe1 Nd7 18. Bb4 Rd6 19. Nd4 Bh7 20. Ne6 Nb6 21. Nxg7 Kxg7 22. Bb3 Qg6 23. Bc2 Qxc2+ 24. Qxc2 Bxc2 25. Kxc2 Rxd5 26. Bc3 Kf6 27. Rxd5 Nxd5 28. Bxe5+ Kf5 29. Bc3 Nxc3 30. Kxc3 Rg8 31. Rg1 h5 32. Kd3 Rd8+ 33. Ke2 Rd5 34. g3 Ra5 35. a3 Rb5 36. b4 a5 37. gxf4 Kxf4 38. Rc1 axb4 39. Rc4+ Kf5 40. axb4 Re5+ 41. Kf3 c6 42. h4 Rb5 43. Kg3 Rd5 44. f3 Kg6 45. Kf4 Kf6 46. Ke3 Kg6 47. Ke4 Rd1 48. Ke5 Rd5+ 49. Ke6 Rf5 50. f4 Rf6+ 51. Kd7 Kf5 52. Ke7 Rh6 53. Kf7 Rh7+ 54. Kg8 Rd7 55. Kf8 Kg4 56. Ke8 Rd5 57. Ke7 Rf5 0-1

[Event "Berlin Lichtenberger Sommer 3th"]
[Site "Berlin"]
[Date "2004.08.14"]
[Round "1.27"]
[White "Krug, Peter"]
[Black "Gruenwald, Alexander"]
[Result "1/2-1/2"]
[WhiteElo "2166"]
[BlackElo "1754"]
[PlyCount "57"]
[EventDate "2004.08.14"]
[EventType "swiss"]
[EventRounds "9"]
[EventCountry "GER"]
[SourceTitle "EXT 2022"]
[Source "ChessBase"]
[SourceDate "2021.10.06"]
[SourceVersion "1"]
[SourceVersionDate "2021.10.06"]
[SourceQuality "1"]

1. e4 d5 2. exd5 Nf6 3. d4 Nxd5 4. Nf3 Bf5 5. c4 Nb4 6. Na3 e6 7. Be3 Be7 8. Be2 0-0 9. 0-0 Nd7 10. Ne1 c5 11. Nac2 Nc6 12. d5 Nce5 13. f4 Ng6 14. Bf3 Nh4 15. g4 Nxf3+ 16. Qxf3 Bxc2 17. Nxc2 Nb6 18. dxe6 Nxc4 19. Rad1 Qb6 20. exf7+ Rxf7 21. b3 Nxe3 22. Nxe3 c4 23. Kh1 cxb3 24. axb3 Qc6 25. Nd5 Rc8 26. f5 Bg5 27. Rfe1 Re8 28. Rxe8+ Qxe8 29. Kg2 1/2-1/2

[Event "Berlin op 04"]
[Site "Berlin"]
[Date "2004.04.12"]
[Round "3"]
[White "Gruenwald, Alexander"]
[Black "Steinert, Christian"]
[Result "0-1"]
[WhiteElo "1727"]
[BlackElo "1967"]
[PlyCount "78"]
[EventDate "2004.04.10"]
[EventType "swiss"]
[EventRounds "9"]
[EventCountry "GER"]
[SourceTitle "EXT 2007"]
[Source "ChessBase"]
[SourceDate "2006.11.23"]
[SourceVersion "1"]
[SourceVersionDate "2006.11.23"]
[SourceQuality "1"]

1. e4 e5 2. Nf3 Nc6 3. Bb5 a6 4. Ba4 Nf6 5. 0-0 Nxe4 6. d4 b5 7. Bb3 d5 8. dxe5 Be6 9. Be3 Na5 10. Nbd2 Nxd2 11. Qxd2 c5 12. c3 Nxb3 13. axb3 Be7 14. Bg5 0-0 15. Rfc1 Bxg5 16. Nxg5 h6 17. Nxe6 fxe6 18. b4 c4 19. Ra5 Qb6 20. g3 Rf3 21. Rca1 Rd3 22. Qe2 d4 23. Qe4 Ra7 24. cxd4 Rxd4 25. Qe3 Qd8 26. Kg2 Rf7 27. Rxa6 Qd5+ 28. Kh3 Re4 29. Qc5 Rxe5 30. Qxd5 exd5 31. Ra8+ Kh7 32. f4 Re2 33. Rb1 d4 34. Rd8 d3 35. b3 d2 36. bxc4 bxc4 37. Rd1 c3 38. Rc8 Re1 39. Rxd2 cxd2 0-1

[Event "Berlin SF Neukoelln op 3rd"]
[Site "Berlin"]
[Date "2004.03.19"]
[Round "7"]
[White "Pott, Stefan"]
[Black "Gruenwald, Alexander"]
[Result "1-0"]
[WhiteElo "1670"]
[BlackElo "1802"]
[PlyCount "97"]
[EventDate "2004.02.07"]
[EventType "swiss"]
[EventRounds "7"]
[EventCountry "GER"]
[SourceTitle "EXT 2022"]
[Source "ChessBase"]
[SourceDate "2021.10.06"]
[SourceVersion "1"]
[SourceVersionDate "2021.10.06"]
[SourceQuality "1"]

1. e4 d5 2. exd5 Nf6 3. Bb5+ Bd7 4. Be2 Nxd5 5. Nf3 Nf4 6. 0-0 Nxe2+ 7. Qxe2 e6 8. d4 Be7 9. c4 0-0 10. Nc3 Re8 11. Be3 b6 12. Ne5 f6 13. Nxd7 Nxd7 14. Rad1 c6 15. Rfe1 Bb4 16. Rd3 Qe7 17. Bd2 Qf7 18. Re3 e5 19. a3 Bd6 20. Ne4 Bc7 21. Ng3 a5 22. Nf5 Kf8 23. Qg4 h5 24. Qf3 Re6 25. d5 cxd5 26. cxd5 Rd6 27. Nxd6 Bxd6 28. Rc3 Nc5 29. b4 axb4 30. axb4 e4 31. Qf5 g6 32. Qh3 Nd7 33. Rc6 Qxd5 34. Bh6+ Kg8 35. Qxd7 Bxh2+ 36. Kxh2 Qxd7 37. Rec1 Qd4 38. Be3 Qe5+ 39. g3 h4 40. Bf4 hxg3+ 41. Bxg3 Qb2 42. R1c2 Qxb4 43. Rxf6 Ra7 44. Rc8+ Kg7 45. Be5 Kh6 46. Bf4+ Kh5 47. Rh8+ Kg4 48. Be3 Rg7 49. Rf4+ 1-0

[Event "Berlin SF Neukoelln op 3rd"]
[Site "Berlin"]
[Date "2004.02.27"]
[Round "4"]
[White "Gruenwald, Alexander"]
[Black "Kachibadze, Georg"]
[Result "0-1"]
[WhiteElo "1802"]
[BlackElo "1610"]
[PlyCount "120"]
[EventDate "2004.02.07"]
[EventType "swiss"]
[EventRounds "7"]
[EventCountry "GER"]
[SourceTitle "EXT 2022"]
[Source "ChessBase"]
[SourceDate "2021.10.06"]
[SourceVersion "1"]
[SourceVersionDate "2021.10.06"]
[SourceQuality "1"]

1. e4 c5 2. Nf3 Nc6 3. d4 cxd4 4. Nxd4 Nf6 5. Nc3 d6 6. Be3 Ng4 7. Bb5 Bd7 8. Nxc6 Nxe3 9. Nxd8 Nxd1 10. Bxd7+ Kxd7 11. Nxf7 Nxc3 12. Nxh8 Nxe4 13. Nf7 h6 14. Nh8 g5 15. f3 Nc5 16. 0-0-0 Bg7 17. Ng6 Rg8 18. Rhe1 Bxb2+ 19. Kxb2 Rxg6 20. Rd4 Rg7 21. Re2 Ne6 22. Rb4 b6 23. g3 Nc5 24. f4 a5 25. Rd4 Ne6 26. Rde4 Nc5 27. R4e3 b5 28. fxg5 hxg5 29. Rf2 b4 30. a3 Na4+ 31. Kc1 Nc3 32. axb4 axb4 33. Ref3 Ke6 34. Rd2 d5 35. Kb2 Rg8 36. Rf1 Kd6 37. Ra1 e5 38. Ra6+ Kc5 39. Kb3 Kb5 40. Ra7 Rb8 41. Rc7 Ra8 42. Rb7+ Kc5 43. Rxb4 Nb1 44. Re2 Ra3+ 45. Kb2 Kxb4 46. Kxb1 e4 47. Kc1 e3 48. h4 d4 49. Kb2 Ra5 50. Rh2 gxh4 51. Rxh4 Kc4 52. Re4 Rg5 53. g4 Kd5 54. Re8 Rxg4 55. Kb3 Re4 56. Rd8+ Kc6 57. Rc8+ Kd7 58. Rh8 e2 59. Rh7+ Ke6 60. Rh6+ Kf7 0-1

[Event "Berlin Lichtenberger Sommer 2nd"]
[Site "Berlin"]
[Date "2003.08.23"]
[Round "8.14"]
[White "Gruenwald, Alexander"]
[Black "Brener, Ilja"]
[Result "0-1"]
[WhiteElo "1674"]
[BlackElo "2107"]
[PlyCount "74"]
[EventDate "2003.08.16"]
[EventType "swiss"]
[EventRounds "9"]
[EventCountry "GER"]
[SourceTitle "EXT 2022"]
[Source "ChessBase"]
[SourceDate "2021.10.06"]
[SourceVersion "1"]
[SourceVersionDate "2021.10.06"]
[SourceQuality "1"]

1. e4 e5 2. Nf3 Nc6 3. Bc4 Nf6 4. d3 h6 5. a3 d6 6. h3 g6 7. Be3 Bg7 8. Nc3 Qe7 9. Qd2 Nd8 10. g4 c6 11. g5 hxg5 12. Nxg5 Ne6 13. 0-0-0 Nxg5 14. Bxg5 Be6 15. Bxe6 Qxe6 16. h4 Nh5 17. Ne2 d5 18. Ng3 f6 19. exd5 cxd5 20. Be3 Kf7 21. Nxh5 Rxh5 22. f4 d4 23. Qg2 Qc6 24. Qxc6 bxc6 25. Bd2 exf4 26. Bxf4 Rah8 27. Rde1 Rxh4 28. Rxh4 Rxh4 29. Bd6 Bh6+ 30. Kd1 Be3 31. b4 f5 32. a4 f4 33. Bc5 a6 34. Rf1 Ke6 35. c3 g5 36. Ke2 Rh2+ 37. Kf3 Kf5 0-1

[Event "Berlin Lichtenberger Sommer 2nd"]
[Site "Berlin"]
[Date "2003.08.22"]
[Round "7.17"]
[White "Gruenwald, Alexander"]
[Black "Zschaebitz, Klaus"]
[Result "1-0"]
[WhiteElo "1674"]
[BlackElo "2081"]
[PlyCount "61"]
[EventDate "2003.08.16"]
[EventType "swiss"]
[EventRounds "9"]
[EventCountry "GER"]
[SourceTitle "EXT 2022"]
[Source "ChessBase"]
[SourceDate "2021.10.06"]
[SourceVersion "1"]
[SourceVersionDate "2021.10.06"]
[SourceQuality "1"]

1. e4 e6 2. d4 d5 3. Nc3 Bb4 4. exd5 exd5 5. Bd3 Nc6 6. a3 Bxc3+ 7. bxc3 Nge7 8. Qf3 Be6 9. Ne2 Qd7 10. Nf4 Bf5 11. 0-0 Bxd3 12. cxd3 0-0 13. Re1 Rad8 14. Bd2 Qc8 15. Qg3 Nf5 16. Qg5 h6 17. Qg4 Nd6 18. Qf3 Na5 19. Nxd5 Kh7 20. Bf4 c6 21. Ne7 Qd7 22. Bxd6 Nb3 23. Qf5+ g6 24. Qxd7 Rxd7 25. Nxg6 Rxd6 26. Nxf8+ Kg7 27. Rab1 Na5 28. Re8 c5 29. Kf1 cxd4 30. c4 b6 31. Rb5 1-0

[Event "Berlin Lichtenberger Sommer 2nd"]
[Site "Berlin"]
[Date "2003.08.19"]
[Round "4.32"]
[White "Welz, Peter"]
[Black "Gruenwald, Alexander"]
[Result "1/2-1/2"]
[WhiteElo "2102"]
[BlackElo "1674"]
[PlyCount "131"]
[EventDate "2003.08.16"]
[EventType "swiss"]
[EventRounds "9"]
[EventCountry "GER"]
[SourceTitle "EXT 2022"]
[Source "ChessBase"]
[SourceDate "2021.10.06"]
[SourceVersion "1"]
[SourceVersionDate "2021.10.06"]
[SourceQuality "1"]

1. e4 e5 2. Nf3 Nc6 3. d4 exd4 4. Nxd4 Bc5 5. Nb3 Bb6 6. a4 a6 7. Nc3 Nge7 8. Be2 d6 9. Bg5 Be6 10. Nd5 Ba7 11. 0-0 0-0 12. Qd2 f6 13. Bh4 Ng6 14. Bg3 Nce5 15. Kh1 c6 16. Ne3 Bxe3 17. Qxe3 Qe7 18. f4 Ng4 19. Qb6 Bc8 20. Rfe1 Kh8 21. Rad1 Nh6 22. Bd3 Qf7 23. Qd4 Bg4 24. Rd2 Rad8 25. Bc4 Qc7 26. a5 f5 27. h3 Bh5 28. Bd3 fxe4 29. Bxe4 Nf5 30. Bxf5 Rxf5 31. Qe4 Rf7 32. Nd4 Re7 33. Ne6 Qd7 34. f5 d5 35. Qd4 Rde8 36. c4 Nf8 37. cxd5 cxd5 38. Qxd5 Qxd5 39. Rxd5 Bf7 40. Bh4 Rd7 41. Rxd7 Nxd7 42. Bf2 Bxe6 43. fxe6 Nf8 44. e7 Ng6 45. Bc5 Kg8 46. Re6 Kf7 47. Rb6 Rc8 48. Bd6 Rc6 49. Rxc6 bxc6 50. Kg1 Nxe7 51. Kf2 Nd5 52. Kf3 Ke6 53. Bf8 g6 54. Ke4 Nf6+ 55. Kd4 h5 56. Kc5 Nd7+ 57. Kxc6 Nxf8 58. Kb6 Nd7+ 59. Kxa6 Kd6 60. b4 Kc6 61. b5+ Kc7 62. Ka7 h4 63. Ka6 Nc5+ 64. Ka7 Nd7 65. Ka6 Nc5+ 66. Ka7 1/2-1/2

[Event "Berlin Lichtenberger Sommer 2nd"]
[Site "Berlin"]
[Date "2003.08.18"]
[Round "3.47"]
[White "Gruenwald, Alexander"]
[Black "Tomann, Daniel"]
[Result "1-0"]
[WhiteElo "1674"]
[BlackElo "1930"]
[PlyCount "83"]
[EventDate "2003.08.16"]
[EventType "swiss"]
[EventRounds "9"]
[EventCountry "GER"]
[SourceTitle "EXT 2022"]
[Source "ChessBase"]
[SourceDate "2021.10.06"]
[SourceVersion "1"]
[SourceVersionDate "2021.10.06"]
[SourceQuality "1"]

1. e4 c6 2. d4 d5 3. Nc3 g6 4. Bg5 dxe4 5. Nxe4 Bg7 6. c3 Nd7 7. Bc4 Ngf6 8. Qe2 0-0 9. Nf3 Nxe4 10. Qxe4 Nf6 11. Bxf6 exf6 12. 0-0 Re8 13. Qc2 Qb6 14. Rfe1 Bf5 15. Qb3 Qxb3 16. Bxb3 Bh6 17. h3 Kf8 18. Bc4 b5 19. Bb3 Be4 20. Nh2 f5 21. Nf1 Bd5 22. Bxd5 cxd5 23. Ne3 Bxe3 24. Rxe3 f4 25. Rxe8+ Rxe8 26. Kf1 Re4 27. Re1 f5 28. f3 Re7 29. Rxe7 Kxe7 30. Ke2 g5 31. b3 Kd6 32. Kd3 h5 33. c4 bxc4+ 34. bxc4 dxc4+ 35. Kxc4 g4 36. a4 h4 37. a5 Kc6 38. d5+ Kd6 39. a6 Kd7 40. Kc5 Kc7 41. d6+ Kd7 42. Kd5 1-0

[Event "Berlin Lichtenberger Sommer 2nd"]
[Site "Berlin"]
[Date "2003.08.17"]
[Round "2.34"]
[White "Suchin, Dimitry"]
[Black "Gruenwald, Alexander"]
[Result "1-0"]
[WhiteElo "2146"]
[BlackElo "1674"]
[PlyCount "91"]
[EventDate "2003.08.16"]
[EventType "swiss"]
[EventRounds "9"]
[EventCountry "GER"]
[SourceTitle "EXT 2022"]
[Source "ChessBase"]
[SourceDate "2021.10.06"]
[SourceVersion "1"]
[SourceVersionDate "2021.10.06"]
[SourceQuality "1"]

1. e4 e5 2. Nf3 Nc6 3. Bb5 a6 4. Ba4 d6 5. d4 b5 6. Bb3 Nxd4 7. Nxd4 exd4 8. Bd5 Rb8 9. Qxd4 Nf6 10. 0-0 Be7 11. a4 c5 12. Qd3 0-0 13. Nc3 b4 14. Ne2 a5 15. Rd1 Nxd5 16. Qxd5 Bb7 17. Qd3 Qc7 18. c4 bxc3 19. Nxc3 Bc6 20. Nd5 Bxd5 21. Qxd5 Rb4 22. Ra3 Rd4 23. Qh5 g6 24. Qe2 Bf6 25. Rxd4 Bxd4 26. Qc4 Re8 27. Qd5 Qe7 28. Rf3 Kg7 29. g4 Qe6 30. Qxe6 Rxe6 31. Rf4 g5 32. Rf5 h6 33. Kg2 Rxe4 34. Kf3 Re5 35. Bd2 Rxf5+ 36. gxf5 d5 37. Bxa5 c4 38. Bc3 g4+ 39. Ke2 Kf6 40. Bxd4+ Ke7 41. a5 Kd6 42. a6 Kc6 43. a7 Kb7 44. Ke3 f6 45. Kf4 h5 46. Kg3 1-0

[Event "Berlin op 08"]
[Site "Berlin"]
[Date "2002.08.21"]
[Round "5"]
[White "Schmidt, Stephan1111"]
[Black "Gruenwald, Alexander"]
[Result "1-0"]
[WhiteElo "1936"]
[BlackElo "1687"]
[PlyCount "61"]
[EventDate "2002.08.17"]
[EventType "swiss"]
[EventRounds "9"]
[EventCountry "GER"]
[SourceTitle "EXT 2007"]
[Source "ChessBase"]
[SourceDate "2006.11.23"]
[SourceVersion "1"]
[SourceVersionDate "2006.11.23"]
[SourceQuality "1"]

1. e4 d5 2. exd5 Nf6 3. d4 Nxd5 4. c4 Nb6 5. Nf3 g6 6. h3 Bg7 7. Nc3 Nc6 8. Be3 Bf5 9. Be2 0-0 10. 0-0 Qd7 11. d5 Ne5 12. Nxe5 Bxe5 13. g4 Bxg4 14. hxg4 h5 15. f4 Bxc3 16. bxc3 hxg4 17. Bxg4 f5 18. Be2 e6 19. c5 Na4 20. dxe6 Qxe6 21. Qb3 Qxb3 22. axb3 Rfe8 23. Bc4+ Kf8 24. Bd4 Nb2 25. Bd5 c6 26. Bg2 Re2 27. Rf2 Rxf2 28. Kxf2 Re8 29. Bf1 Re4 30. Kf3 a5 31. Rb1 1-0

[Event "Berlin op 08"]
[Site "Berlin"]
[Date "2002.08.20"]
[Round "4"]
[White "Gruenwald, Alexander"]
[Black "Scherfke, Manfred"]
[Result "1/2-1/2"]
[WhiteElo "1312"]
[BlackElo "1697"]
[PlyCount "42"]
[EventDate "2002.08.17"]
[EventType "swiss"]
[EventRounds "9"]
[EventCountry "GER"]
[SourceTitle "EXT 2007"]
[Source "ChessBase"]
[SourceDate "2006.11.23"]
[SourceVersion "1"]
[SourceVersionDate "2006.11.23"]
[SourceQuality "1"]

1. e4 e6 2. d4 d5 3. exd5 exd5 4. Bd3 c6 5. c3 Bd6 6. Nf3 Ne7 7. Bg5 f6 8. Bh4 Bf5 9. 0-0 Bxd3 10. Qxd3 0-0 11. Re1 Na6 12. Nbd2 Qd7 13. Bg3 Nf5 14. Bxd6 Nxd6 15. Re2 Rae8 16. Rae1 Nc7 17. Nh4 Rxe2 18. Rxe2 Re8 19. Re3 Rxe3 20. Qxe3 Qe6 21. Qxe6+ Nxe6 1/2-1/2

[Event "Berlin op 08"]
[Site "Berlin"]
[Date "2002.08.18"]
[Round "2"]
[White "Gruenwald, Alexander"]
[Black "Strehlow, Horst"]
[Result "0-1"]
[WhiteElo "1312"]
[BlackElo "1989"]
[PlyCount "58"]
[EventDate "2002.08.17"]
[EventType "swiss"]
[EventRounds "9"]
[EventCountry "GER"]
[SourceTitle "EXT 2007"]
[Source "ChessBase"]
[SourceDate "2006.11.23"]
[SourceVersion "1"]
[SourceVersionDate "2006.11.23"]
[SourceQuality "1"]

1. e4 e6 2. d4 d5 3. exd5 exd5 4. Bd3 Bd6 5. c3 Nc6 6. Nf3 Nge7 7. Bg5 f6 8. Be3 Bg4 9. Nbd2 Qd7 10. Qc2 Nf5 11. h3 Nxe3 12. fxe3 Bg3+ 13. Kd1 Be6 14. Nf1 Bd6 15. Bxh7 0-0-0 16. g4 Ne7 17. Nh4 Kb8 18. Kd2 g6 19. Nxg6 Nxg6 20. Bxg6 Bxg4 21. h4 Rdg8 22. Re1 f5 23. h5 Rxg6 24. hxg6 Rxh1 25. Qc1 Qg7 26. Ng3 Rh2+ 27. Ne2 Qxg6 28. Qd1 f4 29. Rg1 f3 0-1